000 00311nam a22001337a 4500
008 181018b xxu||||| |||| 00| 0 eng d
020 _a9780080364292
041 _aeng
080 _a616-053.2
100 _a8
101 _aPED
245 _aThe Practice of Child Therapy
_cKratochwill, Th.R
942 _2udc
_cBK
999 _c50125
_d50125